zpět

Detail výsledku týmu

Lidové sady, Liberec

Datum a čas kvízu

16.5 Celkem bodů Celkový počet nahraných bodů na tomto kvízu bez doplňovacích otázek.
10. Pořadí na kvízu Konečné umístění týmu na tomto kvízu.

Zaznamenané odpovědi

# Otázka Odpověď Body Výsledky
1. Jak se nazývá politické hnutí,... 1
2. Donald Trump přivítal v Bílém... 1
3. Jistá zpěvačka minulý týden za... 1
4. Bývalá chlouba československéh... 0
5. Přiřaďte účastnice právě probí... 1
6. Zvíře jménem Benjamin v Orwell... 1
7. Kniha Volání divočiny se odehr... 1
8. Příběhy medvídka Pú pochází z... 0
9. O Knize džunglí jsme se v kvíz... 0
10. Lev, čarodějnice a skříň není... 0